Key Trends in Implementing the FUND's Transparency Policy.

At the time of the 2005 Review of the Fund's Transparency Policy, the Executive Board required regular updates on trends in implementing the transparency policy. This report provides an overview of recent developments, reflecting information on documents considered by the Board in 2019 and thei...

Повний опис

Бібліографічні деталі
Співавтор: International Monetary Fund. Strategy, Policy, and Review Department
Формат: Журнал
Мова:English
Опубліковано: Washington, D.C. : International Monetary Fund, 2021.
Серія:Policy Papers; Policy Paper ; No. 2021/047
Предмети:
Онлайн доступ:Full text available on IMF
LEADER 01582cas a2200277 a 4500
001 AALejournalIMF021872
008 230101c9999 xx r poo 0 0eng d
020 |c 5.00 USD 
020 |z 9781513588445 
022 |a 2663-3493 
040 |a BD-DhAAL  |c BD-DhAAL 
110 2 |a International Monetary Fund.  |b Strategy, Policy, and Review Department. 
245 1 0 |a Key Trends in Implementing the FUND's Transparency Policy. 
264 1 |a Washington, D.C. :  |b International Monetary Fund,  |c 2021. 
300 |a 1 online resource (15 pages) 
490 1 |a Policy Papers 
500 |a <strong>Off-Campus Access:</strong> No User ID or Password Required 
500 |a <strong>On-Campus Access:</strong> No User ID or Password Required 
506 |a Electronic access restricted to authorized BRAC University faculty, staff and students 
520 3 |a At the time of the 2005 Review of the Fund's Transparency Policy, the Executive Board required regular updates on trends in implementing the transparency policy. This report provides an overview of recent developments, reflecting information on documents considered by the Board in 2019 and their respective publication status up to June 2020, and updating the previous annual report on Key Trends. 
538 |a Mode of access: Internet 
650 7 |a General Financial Markets  |2 imf 
650 7 |a Monetary Policy  |2 imf 
650 7 |a Political Economy  |2 imf 
830 0 |a Policy Papers; Policy Paper ;  |v No. 2021/047 
856 4 0 |z Full text available on IMF  |u http://elibrary.imf.org/view/journals/007/2021/047/007.2021.issue-047-en.xml  |z IMF e-Library